000 00216nam a2200097Ia 4500
008 220204s9999 xx 000 0 und d
082 _a82-3
_bHAR
100 _aHardy, Thomas
245 0 _aJude the obscure
942 _cBK
999 _c33013
_d33013